000 01296nam0a22002771 4500
001 rc\549893
005 20030616170105.2
010 _a5-376-00390-6
_91305
035 _a(NLR Aleph) 005785998
090 _a5150448
_c5150448
100 _a20030616d1988 u |0rusy50 ca
101 0 _arus
102 _aRU
105 _ay |||||||||
200 1 _aЭкономические проблемы развития АПК Молдавской ССР
_f[Г.Н. Сингур, И.К. Чебук, С.Е. Муравский и др.
_gРедкол.: Г.Н. Сингур (отв. ред.) и др.]
_gНауч. совет по респ. межотрасл. пробл. "Экономика АПК МССР", АН МССР, Ин-т экономики
210 _aКишинев
_cШтиинца
_d1988
215 _a242, [1] с.
_d22
300 _aАвт. указаны на обороте тит. л.
320 _aБиблиогр. в примеч.: с. 238-241
701 1 _aСингур
_bГ. Н.
_gГеоргий Николаевич
712 0 2 _aНаучный совет по респ. межотраслевой проблеме "Экономика АПК МССР"
_cКишинев
801 0 _aRU
_bNLR
_gpsbo
801 1 _aRU
_bELAR
_2rusmarc
852 _aNLR
_j88-5/2650
942 _cBOOK
980 _aNB